Stanovení mezery DPH - případ České republiky

Kvantifikácia odhadu medzery dane z pridanej hodnoty v Českej republike, a to pri aplikácii dostupných štandardizovaných metód odhadu daňovej medzery DPH.

Salvato in:
Dettagli Bibliografici
Autore principale: Moravec, Lukáš
Altri autori: Hinke, Jana, Kaňka, Stanislav
Natura: Capitolo di libro
Lingua:ceco
Soggetti:
Tags: Aggiungi Tag
Nessun Tag, puoi essere il primo ad aggiungerne!!

MARC

LEADER 00000naa a2200000 4500
001 0247612
005 20221104112124.2
041 0 |a cze 
044 |a CZ 
245 1 0 |a Stanovení mezery DPH - případ České republiky  |c Lukáš Moravec, Jana Hinke, Stanislav Kaňka 
520 |a Kvantifikácia odhadu medzery dane z pridanej hodnoty v Českej republike, a to pri aplikácii dostupných štandardizovaných metód odhadu daňovej medzery DPH. 
610 2 0 |a dane z hodnoty pridanej 
610 2 0 |a sadzby daňové 
610 2 0 |a rozpočet štátny 
610 2 0 |a Česko 
610 2 0 |a ekonomika tieňová 
100 1 |a Moravec, Lukáš 
700 1 |a Hinke, Jana 
700 1 |a Kaňka, Stanislav